[Event "Klatovy op-C 29th"]
[Site "Klatovy"]
[Date "2023.07.04"]
[Round "4"]
[White "Kotesovec, Jaroslav"]
[Black "Kotrba, Antonin"]
[Result "0-1"]
[WhiteElo "1473"]
[BlackElo "1125"]
[PlyCount "62"]
[EventDate "2023.07.01"]
[EventType "swiss"]
[EventRounds "9"]
[EventCountry "CZE"]
[SourceTitle "CBM 215 Extra"]
[Source "ChessBase"]
[SourceDate "2023.09.30"]
[SourceVersion "1"]
[SourceVersionDate "2023.09.30"]
[SourceQuality "1"]

1. e4 c5 2. Nf3 d6 3. Bb5+ Bd7 4. Bxd7+ Qxd7 5. 0-0 Nc6 6. c3 e5 7. d4 cxd4 8. cxd4 exd4 9. Nxd4 Be7 10. Nc3 Nf6 11. Re1 0-0 12. Nf5 Rfe8 13. Bf4 Rad8 14. a3 a6 15. Qd3 Nh5 16. Be3 Bf8 17. Nd5 Ne7 18. Ndxe7+ Bxe7 19. g4 Nf6 20. Bd4 Kh8 21. Qf3 Rg8 22. g5 Ne8 23. Nh6 Rf8 24. Nxf7+ Kg8 25. g6 hxg6 26. Nh6+ gxh6 27. Qg3 Kh7 28. Re3 Bg5 29. Rf3 Rxf3 30. Qxf3 Ng7 31. Rc1 Bxc1 0-1

[Event "Klatovy op-B 24th"]
[Site "Klatovy"]
[Date "2018.07.07"]
[Round "8"]
[White "Kotesovec, Jaroslav"]
[Black "Koci, Milos"]
[Result "1/2-1/2"]
[WhiteElo "1514"]
[BlackElo "1345"]
[PlyCount "43"]
[EventDate "2018.06.30"]
[EventType "swiss"]
[EventRounds "9"]
[EventCountry "CZE"]
[SourceTitle "EXT 2019"]
[Source "ChessBase"]
[SourceDate "2018.10.10"]
[SourceVersion "1"]
[SourceVersionDate "2018.10.10"]
[SourceQuality "1"]

1. e4 c5 2. Nf3 e6 3. d4 cxd4 4. Nxd4 a6 5. Bd3 d6 6. 0-0 Nf6 7. Bg5 Be7 8. Nc3 h6 9. Be3 Nbd7 10. f4 Qc7 11. f5 exf5 12. Nxf5 Kf8 13. Nd5 Nxd5 14. exd5 Nf6 15. Qf3 Bxf5 16. Bxf5 Qc4 17. Rad1 g6 18. Be4 Qxe4 19. Bd4 Qxf3 20. Rxf3 Rh7 21. Bxf6 Bxf6 22. Rxf6 1/2-1/2

[Event "Klatovy op-B 24th"]
[Site "Klatovy"]
[Date "2018.07.05"]
[Round "6"]
[White "Kotesovec, Jaroslav"]
[Black "Veverkova, Dorota"]
[Result "1-0"]
[WhiteElo "1514"]
[BlackElo "1277"]
[PlyCount "77"]
[EventDate "2018.06.30"]
[EventType "swiss"]
[EventRounds "9"]
[EventCountry "CZE"]
[SourceTitle "EXT 2019"]
[Source "ChessBase"]
[SourceDate "2018.10.10"]
[SourceVersion "1"]
[SourceVersionDate "2018.10.10"]
[SourceQuality "1"]

1. e4 c5 2. Nf3 d6 3. d4 cxd4 4. Nxd4 Nf6 5. Nc3 g6 6. Bc4 Bg7 7. 0-0 0-0 8. h3 Nc6 9. Nxc6 bxc6 10. Re1 Bb7 11. Bg5 h6 12. Bh4 g5 13. Bg3 d5 14. exd5 cxd5 15. Bd3 e6 16. Qf3 Qe7 17. Nb5 d4 18. Qe2 Qd7 19. Be5 Qd5 20. f3 Nd7 21. Bxg7 Kxg7 22. Nc7 Qd6 23. Nxa8 Bxa8 24. Be4 Bxe4 25. Qxe4 Nc5 26. Qe5+ Qxe5 27. Rxe5 Na4 28. Re4 Nxb2 29. Rxd4 Rc8 30. Rc1 Rc3 31. Rd2 Na4 32. Rd3 Rc4 33. Ra3 Kf6 34. Kf2 a5 35. Ke3 Ke5 36. g3 h5 37. Kd2 Kd5 38. Re1 Kd4 39. Re4+ 1-0